| 000 | 00801pam a2200229 a 4500 | ||
|---|---|---|---|
| 001 | 2049606 | ||
| 005 | 20171220093116.0 | ||
| 008 | 930212s1993 nyua b 001 0 eng | ||
| 010 | _a 93007069 | ||
| 020 |
_a0130344486 : _c$50.00 |
||
| 040 |
_aDLC _cDLC _dDLC |
||
| 041 | _aeng | ||
| 080 | _a005.12 BRA | ||
| 082 | 0 | 0 |
_a005.12 BRA _220 |
| 100 | 1 | _a27 | |
| 101 | _aIM | ||
| 245 | 1 | 0 |
_aEngineering real-time systems : _cRolv Bræk, Œystein Haugen. |
| 504 | _aIncludes bibliographical references (p. 387-392) and index. | ||
| 906 |
_a7 _bcbc _corignew _d1 _eocip _f19 _gy-gencatlg |
||
| 942 |
_2ddc _cBK |
||
| 999 |
_c39250 _d39250 |
||